| 000 | 00656cam a22002777 4500 | ||
|---|---|---|---|
| 001 | 4691009 | ||
| 003 | DO-SdBNP | ||
| 005 | 20160518102124.0 | ||
| 007 | 4691009 | ||
| 008 | 100226s2002 sp | |||| 000 1 spa | ||
| 015 | _a | ||
| 017 |
_a _b |
||
| 020 | _a978806189X | ||
| 035 | _a | ||
| 040 |
_aBPMSU _bspa _cBPMSU _e |
||
| 080 | _a | ||
| 100 | 1 | _aFonseca Mora, Ramón | |
| 245 | 1 | 0 |
_aOjitos de ángel / _h _cRamón Fonseca Mora |
| 250 | _a | ||
| 260 |
_aMadrid : _bAlfaguara, _c2002 |
||
| 300 |
_a157 p.: _c22 cm |
||
| 490 | 0 | _aSerie roja | |
| 830 | _aSerie roja | ||
| 942 |
_2ddc _cBK |
||
| 956 |
_a VMATEO _b10 _c20160518 _dBPMSU _f0069 |
||
| 999 |
_c10162 _d10162 |
||